Obálka Náhled e-knihy:
PDF Epub
Pro půjčování e-knih musíte být přihlášeni.
Jak si půjčit online?

Básně /

Tato sbírka básniček je průřezem autorovy tvorby vázaného verše, který vznikal v letech 2000 až 2019. Jsou to jednoduché, rytmické básně, jež srozumitelnou formou přinášejí krátké příběhy.

Uloženo v:
Hlavní autor: Kapoun, Oldřich (Autor)
Médium: E-kniha
Jazyk:Czech
Vydáno: Praha : E-knihy jedou, 2019
Tagy:
Žádné tagy
LEADER 01149nam a22002297i 4500
001 311059
007 ta
008 260601s2019 xr ||||| |||| 00| 0 cze d
020 |a 9990001853815 
044 |a xr 
100 1 |a  Kapoun, Oldřich  |4 aut 
245 1 0 |a Básně /  |c  Kapoun, Oldřich 
264 1 |a Praha :  |b E-knihy jedou,  |c 2019 
300 |a 1 online zdroj (44 stran) 
336 |a text  |b txt  |2 rdacontent 
337 |a bez média  |b n  |2 rdamedia 
338 |a online zdroj  |b cr  |2 rdacarrier 
520 2 |a Tato sbírka básniček je průřezem autorovy tvorby vázaného verše, který vznikal v letech 2000 až 2019. Jsou to jednoduché, rytmické básně, jež srozumitelnou formou přinášejí krátké příběhy. 
910 |a RBIT002 
998 |d 185381  |a https://core.palmknihy.cz/api/books/185381/cover?pt8uge  |b https://core.palmknihy.cz/api/books/185381/cover/400?pt8uge  |c https://core.palmknihy.cz/api/books/185381/cover/50?pt8uge  |e   |g 44  |i 9990001853815  |j https://core.palmknihy.cz/api/books/185381/preview.epub  |k https://core.palmknihy.cz/api/books/185381/preview.pdf  |l   |q 49  |r 1  |s https://www.palmknihy.cz/kniha/185381  |t ebook  |y 2019  |z 1 
999 |d 311057